Transforming systems for parental depression and early childhood developmental delays (Record no. 14042)
[ view plain ]
| 000 -LEADER | |
|---|---|
| fixed length control field | 01751nam a2200397Ia 4500 |
| 082 04 - DEWEY DECIMAL CLASSIFICATION NUMBER | |
| Classification number | 362.3 |
| 100 1# - MAIN ENTRY--AUTHOR NAME | |
| Personal name | Schultz, Dana |
| 245 10 - TITLE STATEMENT | |
| Title | Transforming systems for parental depression and early childhood developmental delays |
| 260 ## - PUBLICATION, DISTRIBUTION, ETC. (IMPRINT) | |
| Place of publication | Santa Monica, CA : |
| Name of publisher | RAND Corporation, |
| Year of publication | 2013. |
| 300 ## - PHYSICAL DESCRIPTION | |
| Number of Pages | xxix, 166 p. : |
| Other physical details | ill. |
| 500 ## - GENERAL NOTE | |
| General note | "Prepared for the Community Care Behavioral Health Organization." |
| General note | "RAND Health." |
| 650 #0 - SUBJECT ADDED ENTRY--TOPICAL TERM | |
| Topical Term | Caregivers |
| Topical Term | Depression, Mental. |
| Topical Term | Parents of developmentally disabled children |
| 856 40 - ELECTRONIC LOCATION AND ACCESS | |
| Uniform Resource Identifier | http://site.ebrary.com/lib/rucke/Doc?id=10744766 |
No items available.
